00452nam a2200157 a 450000100100000000500170001000800410002704000250006808200200009310000180011324500480013126000460017930000180022565000240024365000270026700000968820240412074212.0091001s19671973dr 000 p spa d aDO-SdBNPbspacBNPHU aRD861.44bB265p1 aBaron, Angela10aPoemas del amor sin nombre /cAngela Baron. aSanto Domingo :bArte y Cine,c1967-1973. a2v. ;c22 cm. 0aPoesía dominicana 0aLiteratura dominicana.